La misión integral de la iglesia : (Registro nro. 49537)
[ vista simple ]
| 000 -LÍDER | |
|---|---|
| Campo fijo de descripción fija | 007230000a22002170004500 |
| 001 - NÚMERO DE CONTROL | |
| Campo de control | 768714001 |
| 003 - IDENTIFICADOR DEL NÚMERO DE CONTROL | |
| Campo de control | CO-MdFUSB |
| 005 - FECHA Y HORA DE LA ULTIMA TRANSACCIÓN | |
| control field | 20170419121512.0 |
| 008 - ELEMENTOS DE LONGITUD FIJA -- INFORMACIÓN GENERAL | |
| Campo fijo de descripción fija -- Información general | 161029s1999 cr ||||| |||| 00| 0 spa d |
| 040 ## - FUENTE DE CATALOGACIÓN | |
| Idioma de catalogación | spa |
| Agencia que realiza la transcripción | CO-MdFUSB |
| Agencia que realiza la modificación | CO-MdFUSB |
| Modificador | rda |
| Agencia Catalogadora | CO-MdFUSB |
| 041 ## - CÓDIGO DE IDIOMA | |
| Código de idioma para texto/pista de sonido o título separado | spa |
| 245 00 - TÍTULO | |
| Título | La misión integral de la iglesia : |
| Mención de responsabilidad | en busca del equilibrio |
| 300 ## - DESCRIPCIÓN FÍSICA | |
| Extensión | Volumen 1-4, número 1-12, (1999), Páginas 5-7 |
| Dimensiones | 27 cm. |
| 336 ## - TIPO DE CONTENIDO | |
| Source | rdacontent |
| 337 ## - TIPO DE MEDIO | |
| Source | rdamedia |
| 546 ## - NOTA DE IDIOMA | |
| Nota de idioma | Texto en español |
| 650 14 - ASIENTO SECUNDARIO DE MATERIA - TERMINO TEMÁTICO | |
| Término temático o nombre geográfico como elemento de entrada | TRABAJO SOCIAL CON NIÑOS |
| Subdivisión de forma | Publicaciones seriadas |
| 773 0# - ASIENTO DE ITEM FUENTE | |
| Título | Alcanzando a los Niños en Riesgo |
| Lugar, editorial y fecha de publicación | 1999 |
| Parte(s) relacionada(s) / Volumen., número. (mes año), páginas | Volumen 1, Número. 4 (1999), -7 |
| Biblionumber | 49458 |
| Itemnumber | 60566 |
| Enumeración y primera página | Página 5 |
| 942 ## - TIPO DE MATERIAL (KOHA) | |
| Tipo de Item KOHA | Artículos de Revista |
| Source of classification or shelving scheme | Dewey Decimal Classification |
| Institution code [OBSOLETE] | 2 |
| Expurgo - (Retirado) | Estado de Perdido | Estado de Dañado | No prestable | Colección | Ubicación habitual | Ubicación actual | Fecha de Adquisición | Signatura Topográfica | Tipo de Material |
|---|---|---|---|---|---|---|---|---|---|
| Colección de Hemeroteca | Biblioteca FUSBC | Biblioteca FUSBC | 26/01/2016 | Artículos de Revista |
